| 000 | 00708cam a22002054a 4500 | ||
|---|---|---|---|
| 020 | _a0471444111 (cloth : acid free paper) | ||
| 040 | _cDLC | ||
| 082 | 0 | 0 | _a635 WIL 2003 A052 Or. |
| 245 | 0 | 0 | _aFundamentals of turfgrass and agricultural chemistry / |
| 260 |
_aHoboken, N.J. : _bJ. Wiley, _cc2003. |
||
| 300 |
_aviii, 375 p. : _bill. ; _c26 cm. |
||
| 650 | 0 | _aTurfgrasses | |
| 650 | 0 | _aTurf management. | |
| 650 | 0 | _aAgricultural chemistry. | |
| 700 | 1 | _aMcCarty, L. B. | |
| 856 | 4 | 2 | _uhttp://www.loc.gov/catdir/bios/wiley046/2002151180.html |
| 856 | 4 | 2 | _uhttp://www.loc.gov/catdir/description/wiley039/2002151180.html |
| 856 | 4 | 1 | _uhttp://www.loc.gov/catdir/toc/wiley031/2002151180.html |
| 942 | _cEK | ||
| 999 |
_c14719 _d14719 |
||